[Event "Sparkassen Open A 2013"]
[Site "Dortmund GER"]
[Date "2013.08.04"]
[Round "9.12"]
[White "Reisberg,Andre"]
[Black "Boehm,Ju2"]
[Result "1/2-1/2"]
[WhiteElo "1955"]
[BlackElo "2189"]

1.d4 d5 2.c4 c6 3.e3 Nf6 4.Nf3 e6 5.Nc3 Nbd7 6.Bd3 dxc4 7.Bxc4 b5 8.Bd3 a6
9.e4 c5 10.Bg5 cxd4 11.Nxd4 Bb7 12.O-O Be7 13.Re1 h6 14.Bh4 Qb6 15.Nf3 Rd8
16.Qe2 g5 17.Bg3 Nh5 18.Rad1 Nxg3 19.hxg3 Kf8 20.e5 Kg7 21.Be4 Bxe4 22.Qxe4 Nc5
23.Qe2 b4 24.Ne4 Nxe4 25.Qxe4 Rxd1 26.Rxd1 Rd8 27.Rxd8 Qxd8 28.Qc2 Qd5 29.b3 g4
30.Nh2 h5 31.Qe2 Bc5 32.Nf1 Bd4 33.Qxa6 Qxe5 34.Qd3 Bc5 35.Qd2 Kg6 36.Qd1 Kg7
37.Qd3 Qb2 38.Qd2 Qxd2 39.Nxd2 f5 40.Kf1 Kf6 41.Ke2 Ke5 42.Nc4+ Kd4 43.Kd2 e5
44.f3 Kd5 45.Ke2 e4 46.f4 Bg1 47.a3 bxa3 48.Nxa3 Bh2 49.Kf2 e3+ 50.Kxe3 Bxg3
51.Nc4 Bh2 52.Nd2 Bg1+ 53.Ke2 h4 54.b4 Bd4 55.b5 Bb6 56.Nb1 Ke4 57.Nc3+ Kxf4
58.Nd5+ Kg3 59.Nxb6 h3 60.gxh3 gxh3 61.Nd5 f4 62.Ne3  1/2-1/2

[Event "Politiken Cup 2013"]
[Site "Helsingor DEN"]
[Date "2013.08.04"]
[Round "10.104"]
[White "Henningsen,Lasse"]
[Black "Rasmussen,M2"]
[Result "0-1"]
[WhiteElo "1779"]
[BlackElo "1920"]

1.d4 d5 2.c4 c6 3.Nf3 Nf6 4.e3 e6 5.Nc3 Nbd7 6.Bd3 a6 7.e4 dxc4 8.Bxc4 b5
9.Bd3 b4 10.Ne2 c5 11.Bg5 Qb6 12.O-O Bb7 13.e5 Bxf3 14.gxf3 Nd5 15.Be4 Rc8
16.Bxd5 exd5 17.Kh1 h6 18.Bh4 cxd4 19.Nxd4 Rc4 20.Nf5 g5 21.Bg3 Qe6 22.Ne3 Rc5
23.f4 gxf4 24.Bxf4 Bg7 25.Ng4 h5 26.Nf6+ Bxf6 27.exf6 Qe4+ 28.f3 Qxf4 29.Qe2+ Qe5
30.Qxa6 O-O 31.Rg1+ Kh8 32.Qf1 Nxf6 33.Rd1 Rc4 34.Qf2 Qf4 35.Qg2 Rg8 36.Qe2 Rd4
37.Rxg8+ Kxg8 38.Rg1+ Kh8 39.Qg2 Qh6 40.Qg3 Rc4 41.a4 Rc1 42.Qb8+ Kh7 43.Qxb4 Qg5
44.Rxc1 Qxc1+ 45.Kg2 Qc4 46.Qd6 Qe2+ 47.Kg3 Qxb2 48.a5 Qc3 49.Qb6 Ne4+ 50.Kf4 Nc5
51.Kg5 Qe5+ 52.Kh4 Qxh2+ 53.Kg5 Qe5+ 54.Kh4 Ne6 55.Kh3 h4 56.Qf2 Qg3+ 57.Qxg3 hxg3
58.Kxg3 Kg6 59.a6 Kf5 60.Kf2 d4 61.Ke2 Ke5 62.a7 Nc7 63.Kd3 Kd5 64.Kd2 Kc4  0-1

[Event "XX Feria de las Flores 2013"]
[Site "Medellin COL"]
[Date "2013.08.04"]
[Round "2.32"]
[White "Osorio,Alejandro"]
[Black "Otalora,C"]
[Result "0-1"]
[WhiteElo "1970"]
[BlackElo "2103"]

1.d4 d5 2.c4 c6 3.Nc3 Nf6 4.e3 e6 5.Nf3 Nbd7 6.Bd3 dxc4 7.Bxc4 b5 8.Bd3 a6
9.O-O Bb7 10.e4 c5 11.d5 Qb6 12.dxe6 fxe6 13.e5 Nd5 14.Bg5 c4 15.Bc2 Bc5
16.Qe2 Nxc3 17.bxc3 O-O 18.Be4 Rf7 19.Bxb7 Qxb7 20.a4 Nb6 21.axb5 axb5 22.Rxa8+ Qxa8
23.Qb2 Qc6 24.Rb1 Ra7 25.h3 Ra5 26.Bd8 h6 27.Qd2 Ra8 28.Bxb6 Qxb6 29.Qb2 Rb8
30.Ne1 Rf8 31.Nf3 Rb8 32.Ne1 Qc6 33.Qe2 Rd8 34.Qb2 Qe4 35.Nf3 Rd5 36.Qa2 Qd3
37.Rc1 Be3 38.Rf1 Bf4 39.Qa8+ Kh7 40.Qc6 Qxc3 41.Qxe6 Qd3 42.Qe8 c3 43.e6 c2
44.Ne1 Qxf1+ 45.Kxf1 c1=Q 46.Qf7 Qc4+ 47.Kg1 Qe4  0-1

[Event "XX Feria de las Flores 2013"]
[Site "Medellin COL"]
[Date "2013.08.05"]
[Round "4.27"]
[White "Osorio,Alejandro"]
[Black "Montenegro,Ju"]
[Result "0-1"]
[WhiteElo "1970"]
[BlackElo "2118"]

1.d4 d5 2.c4 e6 3.Nc3 c6 4.e3 Nf6 5.Nf3 Nbd7 6.Bd3 dxc4 7.Bxc4 b5 8.Bd3 Bd6
9.O-O O-O 10.e4 e5 11.d5 cxd5 12.Nxd5 Nxd5 13.exd5 a6 14.Re1 h6 15.Bc2 f5
16.a3 Bb7 17.Bb3 Kh8 18.Bd2 e4 19.Nd4 Qh4 20.g3 Qh3 21.f4 exf3 22.Nxf3 f4
23.g4 Nc5 24.Ba2 Nd3 25.Rf1 Bc5+ 26.Kh1 Nf2+ 27.Rxf2 Bxf2 28.Ne5 Rf6 29.Qe2 Be3
30.Bc3 Rd8 31.Nf3 Rfd6 32.Rd1 Qxg4 33.Ba5 Rxd5 34.Rxd5 Rxd5 35.Qg2 Rd1+  0-1

[Event "FSIM August 2013"]
[Site "Budapest HUN"]
[Date "2013.08.06"]
[Round "4.5"]
[White "Szeberenyi,A"]
[Black "Nguyen Thi Mai Hung"]
[Result "1/2-1/2"]
[WhiteElo "2323"]
[BlackElo "2225"]

1.d4 d5 2.c4 c6 3.Nc3 Nf6 4.e3 e6 5.Nf3 Nbd7 6.Qc2 Bd6 7.e4 dxe4 8.Nxe4 Nxe4
9.Qxe4 c5 10.Bg5 Be7 11.Bxe7 Qa5+ 12.Ke2 Kxe7 13.g3 cxd4 14.Qxd4 Nf6 15.Qe5 Qxe5+
16.Nxe5 Nd7 17.Nd3 b6 18.Bg2 Rb8 19.Rhd1 Bb7 20.Bxb7 Rxb7 21.b3  1/2-1/2

[Event "XX Feria de las Flores 2013"]
[Site "Medellin COL"]
[Date "2013.08.06"]
[Round "7.28"]
[White "Molina,Ra"]
[Black "Arango,A"]
[Result "0-1"]
[WhiteElo "2005"]
[BlackElo "2140"]

1.d4 d5 2.c4 c6 3.Nc3 Nf6 4.Nf3 e6 5.e3 Nbd7 6.Be2 dxc4 7.Bxc4 b5 8.Bd3 Bb7
9.O-O a6 10.Qe2 c5 11.Rd1 Qc7 12.e4 cxd4 13.Nxd4 b4 14.Na4 Nc5 15.Bc2 Ncxe4
16.Be3 Bd6 17.Nf3 O-O 18.Rac1 Qa5 19.Ne1 Be7 20.Bd4 e5 21.Be3 Qb5 22.Nd3 Nd5
23.f3 Nxe3 24.Qxe3 Bg5 25.f4 exf4 26.Nxf4 Qf5 27.Rf1 Rae8 28.Rce1 Qc8 29.Qd3 Rd8
30.Qe2 Rd2 31.Bxe4 Rxe2 32.Bxb7 Rxe1 33.Bxc8 Rxf1+ 34.Kxf1 Rxc8  0-1

[Event "XI Miguel Najdorf Open A 2013"]
[Site "Warsaw POL"]
[Date "2013.08.06"]
[Round "2.9"]
[White "Barwinski,D"]
[Black "Krzyzanowski,M"]
[Result "0-1"]
[WhiteElo "2141"]
[BlackElo "2325"]

1.d4 Nf6 2.c4 e6 3.Nf3 d5 4.Nc3 c6 5.e3 Nbd7 6.Be2 dxc4 7.Bxc4 b5 8.Bd3 Bb7
9.O-O a6 10.Qe2 c5 11.Rd1 cxd4 12.exd4 Be7 13.Bf4 Nb6 14.Be5 h6 15.Ne4 Nxe4
16.Bxe4 Bxe4 17.Qxe4 O-O 18.Qg4 Bf6 19.Rac1 Nd5 20.Rc5 Qe7 21.a3 Rfd8 22.Rdc1 Bxe5
23.Nxe5 Qg5 24.Qxg5 hxg5 25.h3 Nf4 26.Kf1 f6 27.Nc6 Rd7 28.g3 Nd3 29.R1c3 Nxc5
30.dxc5 Rc8 31.Na5 Kf7 32.Ke2 e5 33.b4 Ke6 34.c6 Rd6 35.Nb7 Rcxc6 36.Nd8+ Kd7
37.Nxc6 Rxc6 38.Rd3+ Ke7 39.g4 g6 40.f3 Rc8 41.Kf2 Rc2+ 42.Kg3 f5 43.gxf5 gxf5
44.h4 gxh4+ 45.Kxh4 Ke6 46.Kg3 f4+ 47.Kh3 Rf2 48.Rc3 Kf5 49.Rd3 Ke6 50.Rc3 Kd5
51.Kg4 Ra2 52.Kf5 Kd4 53.Rc5 Rxa3 54.Rxe5 Rxf3 55.Re6 Kc4 56.Rxa6 Kxb4 57.Rb6 Kc4
58.Ke4 Rf2 59.Rc6+ Kb3 60.Rf6 b4 61.Kd3 Kb2 62.Rf8 b3 63.Rf7 Kc1 64.Rh7 Rd2+
65.Kc3 b2  0-1

[Event "100th ch-GBR 2013"]
[Site "Torquay ENG"]
[Date "2013.08.07"]
[Round "9.6"]
[White "Wells,P"]
[Black "Flear,G"]
[Result "1/2-1/2"]
[WhiteElo "2479"]
[BlackElo "2456"]

1.d4 d5 2.c4 e6 3.Nf3 Nf6 4.Nc3 c6 5.e3 Nbd7 6.Qc2 b6 7.Bd3 Bb7 8.O-O Be7
9.b3 h6 10.Bb2 O-O 11.Rfe1 Qc7 12.Rac1 Rac8 13.Qe2 Qb8 14.Bb1 Rfd8 15.e4 dxe4
16.Nxe4 c5 17.Ng3 cxd4 18.Nxd4 Bb4 19.Red1 Bd6 20.Re1 Bb4 21.Red1 Bd6 22.Re1  1/2-1/2

[Event "100th ch-GBR 2013"]
[Site "Torquay ENG"]
[Date "2013.08.07"]
[Round "9.18"]
[White "Osborne,M"]
[Black "Duff,R"]
[Result "1-0"]
[WhiteElo "2269"]
[BlackElo "2157"]

1.d4 d5 2.c4 e6 3.Nf3 Nf6 4.Nc3 c6 5.e3 Nbd7 6.Bd3 dxc4 7.Bxc4 b5 8.Bd3 Bd6
9.O-O O-O 10.e4 e5 11.Bg5 Re8 12.d5 cxd5 13.Bxb5 d4 14.Nd5 Qa5 15.Bc6 Rb8
16.Bxf6 Nxf6 17.Nxf6+ gxf6 18.Bxe8 Ba6 19.Bd7 Bxf1 20.Kxf1 Rxb2 21.Nh4 Rxa2
22.Rc1 Qa6+ 23.Kg1 Qe2 24.Qxe2 Rxe2 25.Nf5 Bf8 26.Kf1 Ra2 27.Bb5 a5 28.Rc7 Ra3
29.Ke2  1-0

[Event "22nd Kavala Open 2013"]
[Site "Kavala GRE"]
[Date "2013.08.08"]
[Round "4.19"]
[White "Bombek,P"]
[Black "Ioannidis,Ev"]
[Result "1/2-1/2"]
[WhiteElo "2241"]
[BlackElo "2024"]

1.Nf3 Nf6 2.c4 e6 3.Nc3 d5 4.d4 c6 5.e3 Nbd7 6.b3 Bd6 7.Bb2 O-O 8.Be2 b6
9.O-O Bb7 10.cxd5 exd5 11.Bd3 Re8 12.Nd2 c5 13.Rc1 a6 14.Qf3 Qe7 15.Bf5 Rab8
16.Ne2 Ne4 17.Qh3 Nf8 18.Bxe4 dxe4 19.dxc5 Bxc5 20.Nd4 Qg5 21.Nc4 Rbd8 22.Qg3 Qxg3
23.hxg3 Bd5 24.Rfd1 Ng6 25.b4 Bxd4 26.Rxd4 b5 27.Nd2 f5 28.a3 Ne7 29.Nb1 Bc4
30.Nd2 Bd5 31.Nb1 Bc4 32.Nd2 Bd5 33.Nb1 Bc4  1/2-1/2

[Event "3rd Riga Tech Uni Op"]
[Site "Riga LAT"]
[Date "2013.08.08"]
[Round "5.3"]
[White "Rausis,I"]
[Black "Beinoras,M"]
[Result "1/2-1/2"]
[WhiteElo "2552"]
[BlackElo "2378"]

1.Nf3 d5 2.d4 c6 3.c4 Nf6 4.e3 e6 5.Nc3 Nbd7 6.Bd3 Bd6 7.e4 dxe4 8.Nxe4 Nxe4
9.Bxe4 e5 10.O-O exd4 11.Qxd4 Qf6 12.Rd1 Be7 13.Re1 Qxd4 14.Nxd4 Bb4 15.Re2 O-O
16.a3 Bc5 17.Nb3 Bb6 18.Bf4 Nc5 19.Nxc5 Bxc5 20.b4 Bd4 21.Rc1 Be6 22.b5 Rac8
23.bxc6 bxc6 24.c5 Rfd8 25.Bd6 g6 26.h3 Bg7 27.Rb1 Bf8 28.Bxf8 Kxf8 29.Rb7 Rd7
30.Reb2 Rcc7 31.Rxc7 Rxc7 32.Rd2 Ke7 33.Rd6 Bd5 34.f3 Rd7 35.Bxd5 cxd5 36.Ra6 Rc7
37.Kf2 Rxc5 38.Rxa7+ Ke6 39.Ke3 Rc2 40.Ra6+ Ke7  1/2-1/2

[Event "2nd Washington Int"]
[Site "Rockville USA"]
[Date "2013.08.08"]
[Round "6.24"]
[White "Chiang,S"]
[Black "Thompson,I"]
[Result "0-1"]
[WhiteElo "2067"]
[BlackElo "2260"]

1.d4 d5 2.c4 c6 3.Nf3 Nf6 4.Nc3 e6 5.e3 Nbd7 6.Bd3 dxc4 7.Bxc4 b5 8.Bd3 Bd6
9.O-O O-O 10.Qc2 Bb7 11.a3 a6 12.b4 a5 13.Rb1 axb4 14.axb4 h6 15.e4 e5 16.dxe5 Nxe5
17.Nxe5 Bxe5 18.h3 Re8 19.Ne2 Ra4 20.f4 Bd4+ 21.Kh1 Bb6 22.Nc3 Ra7 23.Rd1 Ng4
24.Rf1 Qh4 25.Qe2 Nf2+ 26.Kh2 Bc8 27.Qf3 Nxd3 28.Qxd3 Rd7 29.Qg3 Qxg3+ 30.Kxg3 Bd4
31.Rf3 Bxc3 32.Rxc3 Rxe4 33.Be3 Rd6 34.Bc5 Rd2 35.Re3 Bf5 36.Rbe1 Rc4 37.R1e2 Rxe2
38.Rxe2 Be4 39.Ra2 Bd5 40.Re2 g5 41.f5 Kg7 42.Be7 f6 43.Bc5 Be4 44.Rf2 h5
45.Kh2 h4 46.Kg1 Kf7 47.Kf1 Rc1+ 48.Ke2 Rg1 49.Ke3 Bd5 50.Kd4 Rxg2 51.Rf1 Bc4
52.Ra1 Ra2 53.Re1 Rd2+ 54.Kc3 Rd3+ 55.Kb2 Rd7 56.Re3 Bd3 57.Rf3 Rd5 58.Kc3 Bxf5
59.Bd4 Kg6 60.Bc5 Rd1 61.Be7 Rh1 62.Kd2 Rxh3 63.Rxh3 Bxh3 64.Ke3 Kf5 65.Kf2 Bg4
66.Kg2 Bd1 67.Bd8 g4 68.Be7 Bf3+ 69.Kh2 Kg5 70.Bd8 g3+ 71.Kh3 Be2 72.Kg2 Kg6  0-1

[Event "17th Godesberg Open"]
[Site "Bonn GER"]
[Date "2013.08.09"]
[Round "7.25"]
[White "Fehlau,Klaus"]
[Black "Kautz,S"]
[Result "0-1"]
[WhiteElo "1730"]
[BlackElo "1945"]

1.d4 d5 2.c4 c6 3.Nf3 Nf6 4.e3 e6 5.Nc3 Be7 6.Be2 dxc4 7.Bxc4 b5 8.Bd3 a6
9.a4 b4 10.Ne4 Nbd7 11.Bd2 c5 12.dxc5 Nxc5 13.Nxc5 Bxc5 14.Qc2 Be7 15.O-O Bb7
16.Be2 Rc8 17.Qd1 O-O 18.b3 Qd5 19.Bc1 Qe4 20.Bd3 Qc6 21.Bb2 Ne4 22.Rc1 Nc3
23.Qe1 Bf6 24.Rc2 Rfd8 25.Rd2 a5 26.Qc1 Rxd3 27.Bxc3 Rxc3  0-1

[Event "21st Poznan Open"]
[Site "Poznan POL"]
[Date "2013.08.09"]
[Round "3.13"]
[White "Szymanski,L"]
[Black "Kozlowski,To1"]
[Result "1/2-1/2"]
[WhiteElo "1725"]
[BlackElo "1961"]

1.d4 d5 2.Nf3 Nf6 3.c4 e6 4.Nc3 c6 5.e3 Bd6 6.Qc2 Nbd7 7.Bd3 Qc7 8.O-O dxc4
9.Bxc4 O-O 10.e4 e5 11.d5 Nb6 12.Bd3 cxd5 13.exd5 h6 14.Rd1 Bg4 15.Bf5 Bxf3
16.gxf3 Ne8 17.Kh1 g5 18.Ne4 Ng7 19.Ng3 Nd7 20.Be3 Rfc8 21.Qa4 Nc5 22.Qg4 Rd8
23.h4 f6 24.Bg6 Qd7 25.Nf5 Nxf5 26.Bxf5 Qg7  1/2-1/2

[Event "100th ch-GBR 2013"]
[Site "Torquay ENG"]
[Date "2013.08.09"]
[Round "11.6"]
[White "Palliser,R"]
[Black "Flear,G"]
[Result "1/2-1/2"]
[WhiteElo "2453"]
[BlackElo "2456"]

1.d4 d5 2.c4 c6 3.Nc3 Nf6 4.e3 e6 5.Nf3 Nbd7 6.Bd3 dxc4 7.Bxc4 b5 8.Bd3 Bb7
9.O-O a6 10.e4 c5 11.d5 Qc7 12.dxe6 fxe6 13.Bc2 Bd6 14.Ng5 Nf8 15.f4 O-O-O
16.Qe1 e5 17.Nd5 Bxd5 18.exd5 exf4 19.Bd2 Re8 20.Ne6  1/2-1/2

[Event "XXIV Jozefa Kochana Mem"]
[Site "Koszalin POL"]
[Date "2013.08.10"]
[Round "1.22"]
[White "Wasilewska,Paula"]
[Black "Bilczewski,Kacper"]
[Result "0-1"]
[WhiteElo "1317"]
[BlackElo "1807"]

1.d4 d5 2.e3 c6 3.c4 Nf6 4.Nc3 e6 5.Nf3 Nbd7 6.Bd2 Bd6 7.c5 Bc7 8.a3 e5 9.dxe5 Nxe5
10.Nxe5 Bxe5 11.Rc1 O-O 12.b4 d4 13.exd4 Bxd4 14.Be2 Re8 15.O-O Qc7 16.g3 Bh3
17.Re1 Rad8 18.Bf1 Rxe1 19.Qxe1 Bxf1 20.Qxf1 Bxc5 21.Bf4 Bd6 22.Bxd6 Qxd6
23.Rd1 Qc7 24.Re1 Re8 25.Rd1 Qe5 26.Rd3 Ng4 27.h3 Nf6 28.Re3 Qf5 29.g4 Qc8
30.Rd3 Qc7 31.Qd1 h6 32.Kg2 a6 33.Rd6 Nd5 34.Rxd5 cxd5 35.Nxd5 Qd6 36.Qb3 Qe6
37.Qc4 Rd8 38.Ne3 Qxc4 39.Nxc4 Rc8 40.Nd6 Rc3 41.Nxb7 Rxa3 42.Nc5 Kf8 43.f3 Ke7
44.Kg3 g5 45.Kf2 Kd6 46.Nb7+ Ke5 47.Nc5 Kf4 48.Kg2 Ra2+ 49.Kg1 Kxf3 50.Nd3 Kg3
51.Kf1 Kxh3 52.Nf2+ Rxf2+ 53.Kxf2 Kxg4 54.Kg2 Kf4  0-1

[Event "10th Malaysian Open"]
[Site "Kuala Lumpur MAS"]
[Date "2013.08.10"]
[Round "1.7"]
[White "Kunte,A"]
[Black "Dotsenko,Vi"]
[Result "1-0"]
[WhiteElo "2489"]
[BlackElo "2055"]

1.d4 d5 2.c4 c6 3.Nc3 Nf6 4.e3 e6 5.Nf3 Nbd7 6.Qc2 Bd6 7.Bd3 Qe7 8.c5 Bc7
9.e4 e5 10.O-O dxe4 11.Nxe4 Nd5 12.Bg5 f6 13.Bd2 O-O 14.Nd6 g6 15.Bh6 f5
16.Bxf8 Kxf8 17.dxe5 Nb4 18.Qc3 Nxd3 19.Qxd3 Nxc5 20.Qe3 Ne6 21.Rad1 Bb6
22.Qh6+ Kg8 23.h4  1-0

[Event "22nd ZMDI Open 2013"]
[Site "Dresden GER"]
[Date "2013.08.11"]
[Round "2.15"]
[White "Wagner,De"]
[Black "Boehm,Rob"]
[Result "1-0"]
[WhiteElo "2465"]
[BlackElo "2178"]

1.Nf3 d5 2.c4 c6 3.e3 Nf6 4.Nc3 e6 5.d4 Nbd7 6.Qc2 Bd6 7.Bd3 O-O 8.O-O dxc4
9.Bxc4 a6 10.Rd1 b5 11.Bd3 Qc7 12.Bd2 Bb7 13.b4 e5 14.Rac1 exd4 15.exd4 c5
16.bxc5 Bxf3 17.gxf3 Bxh2+ 18.Kg2 Bf4 19.Bxh7+ Nxh7 20.Nd5 Qd8 21.Bxf4 Ndf6
22.Nxf6+ Qxf6 23.Rh1 g6 24.Qe4 Rfe8 25.Be5 Qg5+ 26.Qg4 Qxg4+ 27.fxg4 f6 28.Bg3 Rad8
29.c6 Rd5 30.c7 Rc8 31.Rc6 Nf8 32.Rxf6 Rxd4 33.Be5 Rxg4+ 34.Kf3 Nd7 35.Kxg4  1-0

[Event "XXIV Jozefa Kochana Mem"]
[Site "Koszalin POL"]
[Date "2013.08.11"]
[Round "2.4"]
[White "Kuciel,W"]
[Black "Wacior,Maciej"]
[Result "1/2-1/2"]
[WhiteElo "1978"]
[BlackElo "1797"]

1.d4 d5 2.Nf3 Nf6 3.c4 c6 4.e3 e6 5.Nc3 Be7 6.Bd3 O-O 7.O-O Nbd7 8.b3 Bb4
9.Bb2 Ne8 10.e4 Bxc3 11.Bxc3 dxe4 12.Bxe4 Nef6 13.Bc2 b6 14.Qe2 Ba6 15.a4 Qc8
16.Ne5 Rd8 17.Rfe1 Nf8 18.Qf3 Bb7 19.Be4 Ng6 20.Bxg6 hxg6 21.c5 Rd5 22.b4 Qe8
23.a5 bxc5 24.a6 Bc8 25.dxc5 Bd7 26.Re3 Qc8 27.Qf4 Be8 28.Qh4 Qd8 29.Ree1 Rb8
30.Qh3 Rc8 31.Qe3 Qc7 32.Nc4 Ng4 33.Qg3 Qxg3 34.hxg3 Rd3 35.Rac1 Nf6 36.Ne5 Rdd8
37.Nc4 Nd5 38.Nd6 Rb8 39.Nb7 Rd7 40.Be5 Ra8 41.Rb1 f6 42.Bd6 e5 43.f4 exf4
44.gxf4 Nc3 45.Rb3 Nd5 46.Kf2 Bf7 47.Rh3 Be8 48.Reh1 Nxb4 49.Rh8+ Kf7 50.Rf8+ Ke6
51.Re1+ Kd5 52.Rexe8 Rxe8 53.Rxe8 Nxa6 54.Re7 Rxe7 55.Bxe7 Nc7 56.Bd6 Ne6
57.Ke3 g5 58.fxg5 Nxg5 59.Na5 Ne4  1/2-1/2

[Event "21st Poznan Open"]
[Site "Poznan POL"]
[Date "2013.08.11"]
[Round "5.5"]
[White "Schmidt,Wl"]
[Black "Pawlowski,Rafal"]
[Result "1/2-1/2"]
[WhiteElo "2375"]
[BlackElo "1578"]

1.d4 d5 2.c4 c6 3.Nc3 Nf6 4.Nf3 e6 5.e3 Nbd7 6.Qc2 Bd6 7.Bd3 O-O 8.O-O dxc4
9.Bxc4 a6 10.Rd1 Qc7 11.e4 e5 12.h3 b5 13.Bf1 Bb7 14.a3 Rac8 15.dxe5 Bxe5
16.Nxe5 Qxe5 17.g3 Rfd8 18.Bg2 Nb6 19.Bf4 Qe7 20.Rxd8+ Rxd8 21.Rd1 Nh5 22.Be3 Nc4
23.Rxd8+ Qxd8 24.Bc1 Nf6 25.b3 Ne5 26.Be3 Qd3 27.Qxd3 Nxd3 28.Bf1 Ne5 29.f4 Ned7
30.e5 Ne8 31.Bg2 Nc7 32.Kf2 Kf8 33.Ne4 Ke7 34.a4 h6 35.Nd6 Ba8 36.Nf5+ Kf8
37.axb5 cxb5 38.Bxa8 Nxa8  1/2-1/2

[Event "XI Miguel Najdorf Open A 2013"]
[Site "Warsaw POL"]
[Date "2013.08.11"]
[Round "7.11"]
[White "Stachowiak,K"]
[Black "Gasik,An"]
[Result "1-0"]
[WhiteElo "2470"]
[BlackElo "2212"]

1.d4 d5 2.Nf3 Nf6 3.c4 c6 4.Nc3 e6 5.e3 Nbd7 6.Qc2 Bd6 7.Be2 O-O 8.O-O Qe7
9.b3 dxc4 10.bxc4 e5 11.Rd1 Re8 12.c5 Bc7 13.Ba3 e4 14.Nd2 Ba5 15.Nc4 Bxc3
16.Qxc3 Nd5 17.Qb3 N7f6 18.Nd6 Rd8 19.Rab1 Rd7 20.Qc2 b5 21.cxb6 axb6 22.Nxc8 Qxa3
23.Nxb6 Nxb6 24.Rxb6 h6 25.Qxc6 Qxa2 26.Bc4 Qa3 27.h3 Rad8 28.Rdb1 Qa5 29.Rb7 Qd2
30.Rxd7 Rxd7 31.Qc5 Rd8 32.Rb7 Qe1+ 33.Kh2 Qxf2 34.Rxf7 Kh8 35.Qe7 Rg8 36.Rxf6 gxf6
37.Bxg8  1-0

[Event "FSFMA1 August 2013"]
[Site "Budapest HUN"]
[Date "2013.08.12"]
[Round "9.5"]
[White "Magyar,O"]
[Black "Ekenstierna,Adrian"]
[Result "1/2-1/2"]
[WhiteElo "2192"]
[BlackElo "1847"]

1.d4 d5 2.Nf3 c6 3.e3 Nf6 4.c4 e6 5.Nc3 Nbd7 6.Bd2 Be7 7.Rc1 O-O 8.cxd5 exd5
9.Bd3 Re8 10.O-O Bf8 11.Qc2 h6 12.Rb1 c5 13.b3 b6 14.Bc1 Bb7 15.Bb2 Rc8 16.dxc5 bxc5
17.Qd1 Qc7 18.Be2 Red8 19.Rc1 Qb8 20.Rc2 Nb6 21.Nb5 Nbd7 22.Nc3 Nb6 23.Nb5 Nbd7
24.Nc3  1/2-1/2

[Event "22nd Kavala Open 2013"]
[Site "Kavala GRE"]
[Date "2013.08.12"]
[Round "8.13"]
[White "Theodorou,Nikolas"]
[Black "Motuz,K"]
[Result "1-0"]
[WhiteElo "2124"]
[BlackElo "2330"]

1.c4 c6 2.Nf3 d5 3.d4 Nf6 4.Nc3 e6 5.e3 Nbd7 6.Qc2 Bd6 7.Bd3 dxc4 8.Bxc4 b5
9.Bd3 Bb7 10.O-O O-O 11.a3 Re8 12.Rd1 Qe7 13.Bd2 e5 14.Ng5 h6 15.Nge4 Bb8
16.b4 exd4 17.exd4 c5 18.Re1 Bxh2+ 19.Kxh2 cxd4 20.Nxf6+ Qxf6 21.Ne4 Qh4+
22.Kg1 Ne5 23.Ng3 Rac8 24.Qb1 Ng4 25.Be4 Rxe4 26.Rxe4 Qh2+ 27.Kf1 Bd5 28.Qd3 Bc4
29.Qxc4 bxc4 30.Rxg4 c3 31.Rc1 Rd8 32.Bf4 f5 33.Rxg7+ Kf8 34.Rh7 Qh4 35.Bxh6+ Kg8
36.Rg7+ Kh8 37.Bg5 d3 38.Bxh4 d2 39.Bg5 dxc1=Q+ 40.Bxc1 Kxg7 41.Nxf5+ Kf6
42.Ne3 Ke5 43.Ke2 Kd4 44.g4 Rh8 45.g5 Rh1 46.Nf1 c2 47.Be3+ Kd5 48.f4 a6
49.f5 Ke5 50.f6 Ke6 51.Bd2 Kf7 52.Bc1 Kg6 53.Be3 Rg1 54.Kd3 c1=Q 55.Bxc1 Rxf1
56.Kc2 Rf3 57.Kb2 Kf7 58.a4 Ke6 59.Bd2 Kd5 60.Bc3 Kc4 61.Be5 Rf2+ 62.Kc1 Rf5
63.g6 Rxe5 64.f7 Kc3 65.Kd1 Rf5 66.g7 Rxf7 67.g8=Q Rd7+ 68.Ke2 Rd2+ 69.Ke1 Rd4
70.Qc8+ Kxb4 71.Qxa6 Rd5 72.Qb7+ Kc4 73.Qb6 Re5+ 74.Kf2  1-0

[Event "XXIV Jozefa Kochana Mem"]
[Site "Koszalin POL"]
[Date "2013.08.12"]
[Round "4.9"]
[White "Gajdamowicz,P"]
[Black "Ziemba,A"]
[Result "1/2-1/2"]
[WhiteElo "1892"]
[BlackElo "1667"]

1.d4 d5 2.c4 e6 3.Nc3 Nf6 4.Nf3 c6 5.e3 Nbd7 6.Qc2 Be7 7.b3 O-O 8.Bd3 b6
9.O-O Bb7 10.Bb2 c5 11.cxd5 exd5 12.Rfd1 Rc8 13.Ne5 cxd4 14.exd4 g6 15.Qe2 Re8
16.Ba6 Qc7 17.Rac1 Bxa6 18.Qxa6 Nb8 19.Qd3 Qb7 20.Qf3 Rf8 21.Re1 Nc6 22.Nxd5 Nxd5
23.Qxd5 Na5 24.Qxb7 Nxb7 25.Nxg6 hxg6 26.Rxe7 Rxc1+ 27.Bxc1 Rc8 28.Bf4 Nd6
29.Rxa7 Nb5 30.Rb7 Nxd4 31.Be3 Rc2 32.g4 Nf3+ 33.Kg2 Ne1+ 34.Kg3 Rxa2 35.Rxb6 Nc2
36.Bg5 Ra8 37.b4 Nd4 38.Be3 Ra3 39.Kg2 Nc2 40.Bc5 Rb3 41.b5 Ne1+ 42.Kf1 Nf3
43.Bd6 Kg7 44.Rb8 Kf6 45.b6 Rb1+ 46.Kg2 Nh4+ 47.Kg3 g5 48.f4 Rb3+ 49.Kf2 gxf4
50.Rb7 Rb2+ 51.Kf1 Ng6 52.Bc7 Kg5 53.Ra7 Nf8 54.h3 Ne6 55.Ra5+ Kh4 56.Rf5 Nxc7
57.bxc7 Rc2 58.Rxf7 f3 59.g5 Kxg5  1/2-1/2

[Event "XXIV Jozefa Kochana Mem"]
[Site "Koszalin POL"]
[Date "2013.08.12"]
[Round "4.4"]
[White "Malaniuk,V"]
[Black "Wacior,Maciej"]
[Result "1-0"]
[WhiteElo "2528"]
[BlackElo "1797"]

1.d4 d5 2.c4 c6 3.e3 Nf6 4.Nc3 e6 5.Nf3 Be7 6.Bd3 O-O 7.O-O Nbd7 8.b3 b6
9.Bb2 Bb7 10.Qc2 h6 11.Rad1 Rc8 12.Qe2 Re8 13.Ne5 Nxe5 14.dxe5 Nd7 15.f4 Qc7
16.Qg4 dxc4 17.Bxc4 Bc5 18.Ne4 Bxe3+ 19.Kh1 Bc5 20.Rxd7  1-0

[Event "XXIV Jozefa Kochana Mem"]
[Site "Koszalin POL"]
[Date "2013.08.12"]
[Round "4.19"]
[White "Pijewski,Milosz"]
[Black "Oglaza,Oskar"]
[Result "0-1"]
[WhiteElo "1516"]
[BlackElo "1512"]

1.d4 d5 2.c4 e6 3.e3 Nf6 4.Nc3 c6 5.Nf3 Nbd7 6.Bd2 Be7 7.Qc2 h6 8.Bd3 dxc4
9.Bxc4 b5 10.Bd3 Bb7 11.a3 a5 12.O-O O-O 13.e4 Nb6 14.h3 Rc8 15.Rac1 b4 16.axb4 axb4
17.Ne2 c5 18.dxc5 Bxc5 19.Qb1 Qe7 20.Ng3 Rfd8 21.Bf4 Nbd7 22.Rfd1 Bb6 23.Bd2 Qd6
24.Be1 Qxg3 25.Kf1 Qb8 26.Bxb4 Nc5 27.Bxc5 Rxc5 28.Rxc5 Bxc5 29.b4 Bb6 30.Ke2 Qf4
31.b5 Nxe4 32.Bxe4 Rxd1 33.Qxd1 Qxe4+ 34.Kf1 Qc4+ 35.Qe2 Bd5  0-1

[Event "21st Poznan Open"]
[Site "Poznan POL"]
[Date "2013.08.12"]
[Round "7.8"]
[White "Schmidt,Wl"]
[Black "Kozlowski,To1"]
[Result "1/2-1/2"]
[WhiteElo "2375"]
[BlackElo "1961"]

1.d4 d5 2.c4 e6 3.Nc3 c6 4.e3 Nf6 5.Nf3 Bd6 6.Bd3 Nbd7 7.O-O h6 8.e4 dxe4
9.Nxe4 Nxe4 10.Bxe4 Nf6 11.Bc2 Qa5 12.Re1 Qh5 13.Qd3 g5 14.Ne5 Ng4 15.Nxg4 Qxg4
16.Bd1 Qh4 17.g3 Qh3 18.d5 cxd5 19.Qxd5 Ke7 20.Qd4 e5 21.Bf3 Be6 22.Qe4 Rad8
23.b3 f5 24.Qxb7+ Rd7 25.Qa6 e4 26.Bg2 Qh5 27.Ba3 Bxa3 28.Qxa3+ Kf7 29.Qb2  1/2-1/2

[Event "24th ch-NATO 2013"]
[Site "Rynia POL"]
[Date "2013.08.12"]
[Round "1.9"]
[White "Kartal,K"]
[Black "Papista,A"]
[Result "1/2-1/2"]
[WhiteElo "1997"]
[BlackElo "2173"]

1.d4 Nf6 2.Nf3 d5 3.c4 e6 4.Nc3 c6 5.e3 Nbd7 6.Bd3 Bd6 7.O-O O-O 8.b3 e5
9.cxd5 cxd5 10.Nb5 Bb8 11.dxe5 Nxe5 12.Be2 Nxf3+ 13.Bxf3 Qe8 14.Nd4 Qe5 15.g3 Bh3
16.Bg2 Bg4 17.Qd3 Bd6 18.Bb2 Rfd8 19.Rac1 a6 20.h3 Bd7 21.Qe2 Qe7 22.Rfd1 Be6
23.Nxe6 fxe6 24.e4 dxe4 25.Bxe4 Rd7 26.Bxf6 gxf6 27.Rc4  1/2-1/2

[Event "FIDE World Cup 2013"]
[Site "Tromso NOR"]
[Date "2013.08.12"]
[Round "2.1"]
[White "Markov,M KGZ"]
[Black "Aronian,L"]
[Result "0-1"]
[WhiteElo "2304"]
[BlackElo "2813"]

1.c4 e6 2.Nf3 d5 3.d4 Nf6 4.Nc3 c6 5.e3 Nbd7 6.c5 b6 7.b4 a5 8.b5 Bb7 9.bxc6 Bxc6
10.cxb6 Bb4 11.Bd2 O-O 12.Bd3 Ne4 13.Rc1 Qxb6 14.O-O Rfc8 15.a4 Nxd2 16.Nxd2 Qd8
17.Nb5 Nb6 18.Nf3 Be8 19.Rxc8 Rxc8 20.Qb3 f6 21.Ne1 Nc4 22.Bxc4 dxc4 23.Qa2 Qd5
24.Nc2 c3 25.Ra1 Bc6 26.Qxd5 Bxd5 27.Kf1 Bb3 28.Rc1 Bxa4 29.Nba3 Bxa3  0-1

[Event "FIDE World Cup 2013"]
[Site "Tromso NOR"]
[Date "2013.08.12"]
[Round "2.62"]
[White "Khismatullin,D"]
[Black "Kobalia,M"]
[Result "1/2-1/2"]
[WhiteElo "2653"]
[BlackElo "2651"]

1.c4 c6 2.Nf3 d5 3.e3 Nf6 4.Nc3 e6 5.d4 a6 6.b3 Bb4 7.Bd2 O-O 8.Bd3 Nbd7
9.O-O Bd6 10.Qc2 e5 11.cxd5 cxd5 12.e4 exd4 13.Nxd5 Nxd5 14.exd5 Nf6 15.h3 Bd7
16.Rad1 Rc8 17.Qb2 Rc5 18.Nxd4 Qb6 19.Nf3 Nxd5 20.Ng5 h6 21.Ne4 Rc6 22.Bc4 Rxc4
23.Ba5 Qxa5 24.bxc4 Ba3 25.Qxb7 Nb6 26.Rxd7 Nxd7 27.Qxd7 Rd8 28.Qb7 Rd4 29.c5 Bxc5
30.Nxc5 Qxc5 31.Qxa6 Rd2 32.Qa8+ Kh7 33.Qf3 Qc4 34.Ra1 Rxa2 35.Rxa2  1/2-1/2

[Event "FIDE World Cup 2013"]
[Site "Tromso NOR"]
[Date "2013.08.12"]
[Round "2.25"]
[White "Mareco,S"]
[Black "Navara,D"]
[Result "1/2-1/2"]
[WhiteElo "2561"]
[BlackElo "2715"]

1.d4 d5 2.c4 c6 3.Nf3 Nf6 4.Nc3 e6 5.e3 Nbd7 6.Qc2 Bd6 7.Be2 O-O 8.O-O dxc4
9.Bxc4 c5 10.Qe2 a6 11.a4 b6 12.dxc5 bxc5 13.e4 Bb7 14.Bg5 Qc7 15.Rad1 Ne5
16.h3 Nxf3+ 17.Qxf3 Be5 18.Bd3 Bc6 19.Qe2 h6 20.Bc1 Bxc3 21.bxc3 Bxa4 22.Rde1 c4
23.Bxc4 Bb5 24.Bxb5 axb5 25.Qxb5 Qxc3 26.Bb2 Qa5 27.Qe2 e5 28.Qf3 Rfe8 29.Re3 Qb5
30.Rb3 Qc6 31.Re1 Ra4 32.Rbe3  1/2-1/2